000 01327nam0a22003491 4500
001 RU\NLR\BIBL_A\012914434
005 20260408084114.0
035 _a(NLR Aleph) 012914434
090 _a12624632
_c12624632
100 _a20221019d1867 |||y0rusy50 ca
101 0 _arus
102 _aRU
105 _ay z |||a|
181 0 _ai
_baxxe
182 0 _an
200 1 _aLes idées de Madame Aubray
_ecomédie en 4 actes
203 _aТекст
_bвизуальный
_cнепосредственный
210 _aParis
_cCalmann-Lévy
_d1867
215 _d
225 1 _aThéâtre complet: avec préfaces inédites
_v4
317 _aЭкз. РНБ (161/265): Из Библиотеки Издательства "Всемирная литература"
_5NLR: 161/265
700 1 _aDumas fils
_bA.
_f1824-1895
_gAlexandre
712 0 2 _4390
_a"Всемирная литература", издательство
_cЛенинград
_bБиблиотека
_3RU\NLR\AUTH\8810182036
_9860693
801 0 _aRU
_bNLR
801 1 _aRU
_bNLR
_2rusmarc
830 _aЭкз. "Всемирной лит." описан по карточке каталога Отделения "Б-ка всемирной лит."
852 _aNLR
_j161/265
942 _cBOOK
980 _aNB
980 _aWL